Tuyển tập truyện ngắn Cam Pu Chia /

Na minha lista:
Detalhes bibliográficos
Những tác giả chính: Nguyễn Văn Vụ, Tuấn Hưng
Outros Autores: Chibuốt, Ti
Formato: Sách giấy
Idioma:Vietnamese
Publicado em: TP.HCM : Trẻ , 1996
Tags: Adicionar Tag
Sem tags, seja o primeiro a adicionar uma tag!
Thư viện lưu trữ: Thư viện Trường Đại học Đà Lạt
LEADER 00682nam a2200265 4500
001 DLU020010252
005 ##11/22/1999
041 # # |a vie 
082 # # |a 895.932 3  |b Tuy 
090 # # |a 895.932 3  |b Tuy 
100 # # |a Nguyễn Văn Vụ 
100 # # |a Tuấn Hưng 
245 # # |a Tuyển tập truyện ngắn Cam Pu Chia /  |c Nguyễn Văn Vụ, Tuấn Hưng, Rimkin , Lâcrarây , ChiBuốt Ti 
260 # # |a TP.HCM :  |b Trẻ ,  |c 1996 
300 # # |a 224 tr.;   |c 19 cm. 
700 # # |a Chibuốt, Ti 
992 # # |a 11500 
994 # # |a DLU 
900 # # |a False 
911 # # |a Administrator 
925 # # |a G 
926 # # |a A 
927 # # |a SH 
980 # # |a Thư viện Trường Đại học Đà Lạt